Superestrellas de WWE 2020 - Estadísticas

Estadísticas generales
  • Esta prueba ha sido intentada 130 veces
  • La puntuación promedio es 35 de 129
Estadísticas de respuestas
Hint Respuesta % Correcto
RAW Randy Orton
72%
SmackDown Roman Reigns
72%
SmackDown Seth Rollins
69%
RAW AJ Styles
60%
RAW Bray Wyatt
59%
RAW Kofi Kingston
59%
SmackDown Rey Mysterio
57%
SmackDown Big E
56%
SmackDown Bayley
55%
NXT Finn Balor
54%
SmackDown Jey Uso
53%
SmackDown Jimmy Uso
52%
SmackDown Kevin Owens
52%
RAW Charlotte Flair
48%
RAW Drew McIntyre
48%
RAW Xavier Woods
48%
RAW Asuka
47%
RAW Alexa Bliss
46%
SmackDown Sasha Banks
46%
RAW The Miz
46%
RAW Braun Strowman
45%
SmackDown Sami Zayn
45%
NXT Adam Cole
43%
NXT Rhea Ripley
43%
RAW Becky Lynch
41%
SmackDown Bianca Belair
41%
RAW Sheamus
41%
SmackDown Daniel Bryan
40%
SmackDown Dolph Ziggler
40%
NXT Damian Priest
39%
RAW Nia Jax
38%
RAW Ricochet
38%
RAW Andrade
37%
SmackDown Cesaro
37%
SmackDown Dominik Mysterio
36%
RAW Jeff Hardy
36%
NXT Johnny Gargano
36%
RAW Naomi
35%
RAW Keith Lee
34%
SmackDown Aleister Black
33%
NXT Austin Theory
33%
SmackDown Kalisto
33%
RAW MVP
33%
SmackDown Otis
33%
RAW Shealton Benjamin
33%
RAW Cedric Alexander
32%
RAW Matt Riddle
32%
RAW Mustafa Ali
32%
SmackDOwn Natalya
32%
SmackDown Liv Morgan
31%
NXT Roderick Strong
31%
SmackDown Shinsuke Nakamura
31%
SmackDown Carmella
30%
SmackDown Apollo Crews
29%
SmackDown Chad Gable
29%
RAW Erik
29%
RAW John Morrison
29%
RAW R-Truth
29%
RAW Akira Tozawa
28%
SmackDown Angelo Dawkins
27%
NXT Bobby Fish
27%
SmackDown Montez Ford
27%
RAW Nikki Cross
27%
NXT Tommaso Ciampa
27%
SmackDown Zelina Vega
27%
NXT Io Shirai
26%
RAW Lana
26%
RAW Mandy Rose
26%
RAW Shayna Baszler
26%
NXT Karrion Kross
25%
SmackDown King Corbin
25%
RAW Lince Dorado
25%
SmackDown Robert Roode
25%
SmackDown Tamina
25%
RAW Angel Garza
24%
RAW Gran Metalik
24%
RAW Ivar
24%
RAW Jinder Mahal
24%
NXT Pete Dunne
24%
NXT Santos Escobar
24%
NXT Kyle Oreilly
23%
RAW Humberto Carrillo
22%
NXT Candice LeRae
21%
SmackDown Murphy
21%
NXT Dakota Kai
20%
RAW Elias
20%
SmackDown Ruby Riott
19%
RAW Drew Gulak
16%
RAW Peyton Royce
16%
NXT Tyler Breeze
16%
NXT Dexter Lumis
15%
RAW Tucker
15%
SmackDown Billie Kay
14%
NXT Fandango
14%
NXT Shotzi Blackheart
14%
NXT Toni Storm
14%
RAW Dana Brooke
13%
RAW Mia Yim
13%
RAW Lacey Evans
12%
NXT Raul Mendoza
12%
RAW Titus Oneil
12%
SmackDown Bo Dallas
11%
NXT Joaquin Wilde
11%
NXT Velveteen Dream
11%
NXT Oney Lorcan
10%
NXT Raquel Gonzalez
10%
NXT Aliyah
9%
NXT Cameron Grimes
9%
NXT Tegan Nox
9%
NXT Bronson Reed
8%
NXT Ember Moon
7%
NXT Kushida
7%
SmackDown Mojo Rawley
7%
RAW Bobby Lahley
6%
RAW Dabba-Kato
6%
NXT Danny Burch
6%
SmackDown Lars Sullivan
6%
RAW Riddick Moss
6%
205 Live Tony Nese
6%
205 LIve Ariya Daivari
5%
RAW Mickie James
4%
NXT Timothy Tatcher
4%
SmackDown Jaxson Ryker
3%
205 Live Noam Dar
3%
NXT Scarlett Bordeaux
3%
RAW Arturo Ruas
2%
205 Live The Brian Kendrick
2%
NXT Jinny
0%
NXT Mark Andrews
0%
No se encontraron pruebas coincidentes
Distribución de puntuación
Porcentaje de gente con cada puntuación
Porcentaje por número respondido
Historial de tus puntuaciones
No has intentado esta prueba.